<?xml version="1.0" encoding="UTF-8"?>
<record
    xmlns:xsi="http://www.w3.org/2001/XMLSchema-instance"
    xsi:schemaLocation="http://www.loc.gov/MARC21/slim http://www.loc.gov/standards/marcxml/schema/MARC21slim.xsd"
    xmlns="http://www.loc.gov/MARC21/slim">

  <leader>00604nam a22001697a 4500</leader>
  <controlfield tag="003">OSt</controlfield>
  <controlfield tag="005">20211115161241.0</controlfield>
  <controlfield tag="008">211115b        |||||||| |||| 00| 0 eng d</controlfield>
  <datafield tag="020" ind1=" " ind2=" ">
    <subfield code="a">9780132163507</subfield>
  </datafield>
  <datafield tag="040" ind1=" " ind2=" ">
    <subfield code="c">HU</subfield>
  </datafield>
  <datafield tag="082" ind1=" " ind2=" ">
    <subfield code="a">428.2</subfield>
  </datafield>
  <datafield tag="100" ind1=" " ind2=" ">
    <subfield code="a">     Schoenberg, Irene,</subfield>
    <subfield code="9">18492</subfield>
  </datafield>
  <datafield tag="245" ind1=" " ind2=" ">
    <subfield code="a">Focus on grammar 2 </subfield>
    <subfield code="b">: teacher's resource pack</subfield>
    <subfield code="c">Irene Schoenberg</subfield>
  </datafield>
  <datafield tag="260" ind1=" " ind2=" ">
    <subfield code="a">White Plains, </subfield>
    <subfield code="b">, NY : Pearson Education, Inc.,</subfield>
    <subfield code="c"> [2012]</subfield>
  </datafield>
  <datafield tag="300" ind1=" " ind2=" ">
    <subfield code="a"> 	xxvi, 195 pages : color illustrations, color map ; </subfield>
    <subfield code="b">cm + workbook (116 pages : illustrations ; 28 cm) + 1 CD-ROM ; 4 3/4 in.</subfield>
    <subfield code="c">28 </subfield>
  </datafield>
  <datafield tag="942" ind1=" " ind2=" ">
    <subfield code="2">ddc</subfield>
    <subfield code="c">BOOKS</subfield>
    <subfield code="n">0</subfield>
  </datafield>
  <datafield tag="999" ind1=" " ind2=" ">
    <subfield code="c">18346</subfield>
    <subfield code="d">18346</subfield>
  </datafield>
  <datafield tag="952" ind1=" " ind2=" ">
    <subfield code="0">0</subfield>
    <subfield code="1">0</subfield>
    <subfield code="2">ddc</subfield>
    <subfield code="4">0</subfield>
    <subfield code="7">0</subfield>
    <subfield code="8">NFIC</subfield>
    <subfield code="a">004</subfield>
    <subfield code="b">004</subfield>
    <subfield code="c">GEN</subfield>
    <subfield code="d">2021-11-15</subfield>
    <subfield code="l">0</subfield>
    <subfield code="o">428.2 SCH 2012</subfield>
    <subfield code="p">WGCFNRL00006808</subfield>
    <subfield code="r">2021-11-15 00:00:00</subfield>
    <subfield code="t">1</subfield>
    <subfield code="w">2021-11-15</subfield>
    <subfield code="y">BOOKS</subfield>
  </datafield>
  <datafield tag="952" ind1=" " ind2=" ">
    <subfield code="0">0</subfield>
    <subfield code="1">0</subfield>
    <subfield code="2">ddc</subfield>
    <subfield code="4">0</subfield>
    <subfield code="7">0</subfield>
    <subfield code="8">NFIC</subfield>
    <subfield code="a">004</subfield>
    <subfield code="b">004</subfield>
    <subfield code="c">GEN</subfield>
    <subfield code="d">2021-11-15</subfield>
    <subfield code="l">0</subfield>
    <subfield code="o">428.2 SCH 2012</subfield>
    <subfield code="p">WGCFNRL00006809</subfield>
    <subfield code="r">2021-11-15 00:00:00</subfield>
    <subfield code="t">2</subfield>
    <subfield code="w">2021-11-15</subfield>
    <subfield code="y">BOOKS</subfield>
  </datafield>
  <datafield tag="952" ind1=" " ind2=" ">
    <subfield code="0">0</subfield>
    <subfield code="1">0</subfield>
    <subfield code="2">ddc</subfield>
    <subfield code="4">0</subfield>
    <subfield code="7">0</subfield>
    <subfield code="a">008</subfield>
    <subfield code="b">008</subfield>
    <subfield code="c">GEN</subfield>
    <subfield code="d">2022-01-04</subfield>
    <subfield code="l">0</subfield>
    <subfield code="o">428.24/FOC</subfield>
    <subfield code="p">SHLIB00011320</subfield>
    <subfield code="r">2022-01-04 00:00:00</subfield>
    <subfield code="t">1</subfield>
    <subfield code="w">2022-01-04</subfield>
    <subfield code="y">BOOKS</subfield>
  </datafield>
  <datafield tag="952" ind1=" " ind2=" ">
    <subfield code="0">0</subfield>
    <subfield code="1">0</subfield>
    <subfield code="2">ddc</subfield>
    <subfield code="4">0</subfield>
    <subfield code="7">0</subfield>
    <subfield code="a">008</subfield>
    <subfield code="b">008</subfield>
    <subfield code="c">GEN</subfield>
    <subfield code="d">2022-01-04</subfield>
    <subfield code="l">0</subfield>
    <subfield code="o">428.24/FOC</subfield>
    <subfield code="p">SHLIB00011312</subfield>
    <subfield code="r">2022-01-04 00:00:00</subfield>
    <subfield code="t">1</subfield>
    <subfield code="w">2022-01-04</subfield>
    <subfield code="y">BOOKS</subfield>
  </datafield>
  <datafield tag="952" ind1=" " ind2=" ">
    <subfield code="0">0</subfield>
    <subfield code="1">0</subfield>
    <subfield code="2">ddc</subfield>
    <subfield code="4">0</subfield>
    <subfield code="7">0</subfield>
    <subfield code="a">008</subfield>
    <subfield code="b">008</subfield>
    <subfield code="c">GEN</subfield>
    <subfield code="d">2022-01-04</subfield>
    <subfield code="l">0</subfield>
    <subfield code="o">428.24/FOC</subfield>
    <subfield code="p">SHLIB00011311</subfield>
    <subfield code="r">2022-01-04 00:00:00</subfield>
    <subfield code="t">2</subfield>
    <subfield code="w">2022-01-04</subfield>
    <subfield code="y">BOOKS</subfield>
  </datafield>
  <datafield tag="952" ind1=" " ind2=" ">
    <subfield code="0">0</subfield>
    <subfield code="1">0</subfield>
    <subfield code="2">ddc</subfield>
    <subfield code="4">0</subfield>
    <subfield code="7">0</subfield>
    <subfield code="a">008</subfield>
    <subfield code="b">008</subfield>
    <subfield code="c">GEN</subfield>
    <subfield code="d">2022-01-04</subfield>
    <subfield code="l">0</subfield>
    <subfield code="o">428.24/FOC</subfield>
    <subfield code="p">SHLIB00011313</subfield>
    <subfield code="r">2022-01-04 00:00:00</subfield>
    <subfield code="t">3</subfield>
    <subfield code="w">2022-01-04</subfield>
    <subfield code="y">BOOKS</subfield>
  </datafield>
  <datafield tag="952" ind1=" " ind2=" ">
    <subfield code="0">0</subfield>
    <subfield code="1">0</subfield>
    <subfield code="2">ddc</subfield>
    <subfield code="4">0</subfield>
    <subfield code="7">0</subfield>
    <subfield code="a">008</subfield>
    <subfield code="b">008</subfield>
    <subfield code="c">GEN</subfield>
    <subfield code="d">2022-01-04</subfield>
    <subfield code="l">0</subfield>
    <subfield code="o">428.24/FOC</subfield>
    <subfield code="p">SHLIB00011314</subfield>
    <subfield code="r">2022-01-04 00:00:00</subfield>
    <subfield code="t">4</subfield>
    <subfield code="w">2022-01-04</subfield>
    <subfield code="y">BOOKS</subfield>
  </datafield>
  <datafield tag="952" ind1=" " ind2=" ">
    <subfield code="0">0</subfield>
    <subfield code="1">0</subfield>
    <subfield code="2">ddc</subfield>
    <subfield code="4">0</subfield>
    <subfield code="7">0</subfield>
    <subfield code="a">008</subfield>
    <subfield code="b">008</subfield>
    <subfield code="c">GEN</subfield>
    <subfield code="d">2022-01-04</subfield>
    <subfield code="l">0</subfield>
    <subfield code="o">428.24/FOC</subfield>
    <subfield code="p">SHLIB00011315</subfield>
    <subfield code="r">2022-01-04 00:00:00</subfield>
    <subfield code="t">5</subfield>
    <subfield code="w">2022-01-04</subfield>
    <subfield code="y">BOOKS</subfield>
  </datafield>
  <datafield tag="952" ind1=" " ind2=" ">
    <subfield code="0">0</subfield>
    <subfield code="1">0</subfield>
    <subfield code="2">ddc</subfield>
    <subfield code="4">0</subfield>
    <subfield code="7">0</subfield>
    <subfield code="a">008</subfield>
    <subfield code="b">008</subfield>
    <subfield code="c">GEN</subfield>
    <subfield code="d">2022-01-04</subfield>
    <subfield code="l">0</subfield>
    <subfield code="o">428.24/FOC</subfield>
    <subfield code="p">SHLIB00011316</subfield>
    <subfield code="r">2022-01-04 00:00:00</subfield>
    <subfield code="t">6</subfield>
    <subfield code="w">2022-01-04</subfield>
    <subfield code="y">BOOKS</subfield>
  </datafield>
</record>
